Guia para realizar investigaciones sociales/ (Registro nro. 9706)

Detalles MARC
000 -LEADER
fixed length control field 01769nam a2200193Ia 4500
005 - FECHA Y HORA DE LA ÚLTIMA TRANSACCIÓN
control field 20231011164725.0
008 - FIXED-LENGTH DATA ELEMENTS--GENERAL INFORMATION
fixed length control field 231011s9999 xx 000 0 und d
020 ## - INTERNATIONAL STANDARD BOOK NUMBER
International Standard Book Number 968-856-264-5
040 ## - CATALOGING SOURCE
Original cataloging agency UPAN
Transcribing agency Biblioteca San Vicente
Description conventions RCAA2
041 ## - LANGUAGE CODE
Language code of text/sound track or separate title spa
082 ## - DEWEY DECIMAL CLASSIFICATION NUMBER
Classification number 300.75
Item number R628g
año de publicación 1991
100 ## - MAIN ENTRY--PERSONAL NAME
Personal name Rojas Soriano, Raùl
Relator code aut.
245 #0 - TITLE STATEMENT
Title Guia para realizar investigaciones sociales/
Remainder of title Raúl Rojas Soriano
260 ## - PUBLICATION, DISTRIBUTION, ETC. (IMPRINT)
Place of publication, distribution, etc México:
Name of publisher, distributor, etc PyV,
Date of publication, distribution, etc 1989
300 ## - PHYSICAL DESCRIPTION
Extent 286 p.;
Dimensions 21 cm.
505 ## - FORMATTED CONTENTS NOTE
Formatted contents note Capítulo I. Alcances y limitaciones de la investigación social. Capítulo II. El proceso de la investigación científica. Capítulo III. Criterios para seleccionar los temas de investigación . Capítulo IV. Planteamiento del problema. Capítulo V. Estructuración del marco teórico y conceptual de referencia. Capítulo VI. Función de las hipótesis en la teoría y en la investigación social. Capítulo VII. Técnicas e instrumentos para recopilar la información. Capítulo VIII. Diseño de la muestra. Capítulo IX. Estrategia del trabajo decampo. Capítulo X. Procesamiento de la información. Capítulo XI. técnicas estadísticas en la investigación social. Capítulo XII. Análisis e interpretación de los datos. Capítulo XIII. Presentación de los resultados. Capítulo XIV. Elaboración del informe de investigación. Capítulo XV. Algunos errores que pueden cometerse en la investigación. Capítulo XVI. Elementos básicos del método científico. Apéndice I. Cronograma. Apéndice II. Tabla de números aleatorios. Apéndice III. Áreas bajo la curva normal tipificada. Apéndice IV. Distribución Ji cuadrada. Apéndice V. Tabla para determinar el tamaño de la muestra. Bibliografía.
650 ## - SUBJECT ADDED ENTRY--TOPICAL TERM
Source of heading or term LEMB
General subdivision Investigación social
9 (RLIN) 3
942 ## - ADDED ENTRY ELEMENTS (KOHA)
Koha item type Libros
Source of classification or shelving scheme Dewey Decimal Classification
Existencias
Withdrawn status Lost status Source of classification or shelving scheme Damaged status Not for loan Collection code Home library Current library Date acquired Total Checkouts Full call number Barcode Date last seen Copy number Price effective from Koha item type
    Dewey Decimal Classification     Referencia Biblioteca UPAN San Vicente Biblioteca UPAN San Vicente 11/10/2023   300.75 R628g 12001978 11/10/2023 01 11/10/2023 Libros